You can be rich too: (Record no. 162957)
[ view plain ]
| 000 -LEADER | |
|---|---|
| fixed length control field | 00769nam a22002297a 4500 |
| 005 - DATE AND TIME OF LATEST TRANSACTION | |
| control field | 20190325121216.0 |
| 008 - FIXED-LENGTH DATA ELEMENTS--GENERAL INFORMATION | |
| fixed length control field | 190325b ||||| |||| 00| 0 eng d |
| 010 ## - LCCN (DPL NO) | |
| LC control number | ENG-124925 |
| 020 ## - INTERNATIONAL STANDARD BOOK NUMBER | |
| Terms of availability | 399.00 |
| International Standard Book Number | 9789384061371 |
| 035 ## - SYSTEM CONTROL NUMBER | |
| System control number | EN-108457 |
| 037 ## - SOURCE OF ACQUISITION | |
| Source of stock number/acquisition | DBAD/PUB |
| 040 ## - CATALOGING SOURCE | |
| Original cataloging agency | DPL |
| Language of cataloging | English |
| 082 ## - DEWEY DECIMAL CLASSIFICATION NUMBER | |
| Classification number | 332.678 |
| 100 ## - MAIN ENTRY--PERSONAL NAME | |
| Personal name | Subramanyam PV |
| 245 ## - TITLE STATEMENT | |
| Title | You can be rich too: |
| Remainder of title | by PV Subramanyam [and] M. Pattabiraman; ed.by Joanna Punjabi |
| Statement of responsibility, etc | with goal based investing/ |
| 260 ## - PUBLICATION, DISTRIBUTION, ETC. (IMPRINT) | |
| Place of publication, distribution, etc | New Delhi |
| Name of publisher, distributor, etc | Network18 Publications |
| Date of publication, distribution, etc | 2016 |
| 270 ## - ADDRESS | |
| Address | 507, Prabhat Kiran, 17, Rajendra Place, |
| City | New Delhi |
| Postal code | 110 008 |
| 300 ## - PHYSICAL DESCRIPTION | |
| Extent | 170p. : |
| Dimensions | 24cm (Hb) |
| Other physical details | ill. |
| 700 ## - ADDED ENTRY--PERSONAL NAME | |
| Personal name | Pattabiraman M. |
| 700 ## - ADDED ENTRY--PERSONAL NAME | |
| Personal name | Joanna Punjabi |
| 942 ## - ADDED ENTRY ELEMENTS (KOHA) | |
| Institution code [OBSOLETE] | dpl |
| Item type | English Books |
| Source of classification or shelving scheme | Dewey Decimal Classification |
| Classification part | 332.678 |
| Call number suffix | SUB |
| Withdrawn status | Lost status | Source of classification or shelving scheme | Damaged status | Not for loan | Collection code | Home library | Current library | Date acquired | Source of acquisition | Cost, normal purchase price | Total Checkouts | Total Renewals | Full call number | Barcode | Date last seen | Copy number | Cost, replacement price | Koha item type |
|---|---|---|---|---|---|---|---|---|---|---|---|---|---|---|---|---|---|---|
| Dewey Decimal Classification | Fiction | Patel Nagar | Patel Nagar | 25/03/2019 | DBAD/PUB | 399.00 | 5 | 6 | 332.678 SUB | EN-108457 | 07/11/2024 | 1 | 399.00 | English Books |
